Statistics for Women's Soccer Careers - Easy to Hard

Click here to take the quiz!

General Stats

  • This quiz has been taken 47 times
  • The average score is 7 of 16

Answer Stats

Senior CareerNationalityPositionPlayer% Correct
Raheny United > Shelbourne >
Arsenal
IrishLW/LMKatie McCabe
93%
ArsenalEnglishCB/CMLeah Williamson
89%
Canberra Utd FC > FC Kansas City >
Boston Breakers > Washington Spirit
> Chicago Red Stars > Houston Dash
> NY/NJ Gotham FC > West Ham Utd
AmericanCMKristie Mewis
84%
Twente > Bayern Munich > Arsenal >
VFL Wolfsburg > Manchester City
DutchRMJill Roord
82%
Chelsea > Portland ThornsCanadianMFJessie Fleming
73%
FC BarcelonaSpanishCMAitana Bonmati
66%
Robo > Rivers Angels > Liverpool >
Arsenal > Dallan Quanjian >
FC Barcelona > Bay FC
NigerianSTAsisat Oshoala
45%
SGS Essen > VFL Wolfsburg >
Bayern Munich
GermanCM/CDMLena Oberdorf
45%
Northern Virginia Manjestics >
Washington Freedom > FFC Franfurt
> Washington Spirit > Orlando Pride
> NY/NJ Gotham > Retirement
AmericanCBAli Krieger
27%
Lyon > ChelseaAmericanCF/CAMCatarina Macario
27%
Pali Blues > FC Gold Pride >
Western NY Flash > Rosengård >
Chelsea > Bayern Munich >
Orlando Pride > Angel City FC
New ZealandLBAli Riley
25%
San Diego WaveAmericanCBNaomi Girma
23%
Paris FC > Montpellier > PSGFrenchCBElisa De Almeida
16%
Seattle Reign > Orlando Pride >
NC Courage > Racing Louisville
AmericanLBCarson Pickett
5%
Nippon TV Beleza > Turbine Potsdam
> Chelsea > Wolfsburg > Frankfurt >
Chicago Red Stars > Houston Dash
JapaneseCFYuki Nagasato
5%
Houston Dash > Beijing BG Phoenix >
Benfica > Eibar > Atlético Madrid >
Racing Louisville > Tigres
South
African
LWThembi Kgatlana
2%

Score Distribution

Percentile by Number Answered

Percent of People with Each Score

Your Score History

You have not taken this quiz